000 00439 a2200205 4500
260 _aNew-York
100 _aMc LAREN, Douglas A.
260 _bMarcel Dekker
245 _aSoil biochemistry
650 _a<Sols>
260 _c1967-1975
300 _bill. ; 24 cm
130 _lFr.
035 _a261
035 _a259
500 _aComprend des inde de chaque vol
999 _c11532
_d11532